[Event "Mecklenburg VP Verbandsliga 2223"]
[Site "Mecklenburg VP"]
[Date "2023.03.19"]
[Round "7.3"]
[White "Schreiber, Nico"]
[Black "Schmidt, Paul1"]
[Result "0-1"]
[WhiteElo "1831"]
[BlackElo "1844"]
[PlyCount "80"]
[EventDate "2022.10.23"]
[EventType "team-tourn"]
[EventRounds "9"]
[EventCountry "GER"]
[SourceTitle "EXT 2024"]
[Source "ChessBase"]
[SourceDate "2023.10.10"]
[SourceVersion "1"]
[SourceVersionDate "2023.10.10"]
[SourceQuality "1"]
[WhiteTeam "Mecklenburger Springer SC"]
[BlackTeam "Torgelow Droegeheide II"]
[WhiteTeamCountry "GER"]
[BlackTeamCountry "GER"]

1. d4 Nf6 2. Bf4 d6 3. Nd2 Nbd7 4. e4 e5 5. dxe5 dxe5 6. Bg3 Bc5 7. h3 0-0 8. Bc4 b6 9. Qe2 Bb7 10. Bh4 a5 11. Ngf3 Qe7 12. Nh2 a4 13. a3 c6 14. c3 b5 15. Bd3 Rad8 16. 0-0 Bb6 17. Kh1 Nc5 18. Bc2 Bc8 19. f4 Qd6 20. Ndf3 Nd3 21. fxe5 Nxe5 22. Bg3 Nh5 23. Qe1 Nxf3 24. Rxf3 Nxg3+ 25. Rxg3 Bc7 26. Nf1 Qh6 27. Rf3 Bg4 28. Rf2 Bb6 29. Rd2 Rxd2 30. Qxd2 Qxd2 31. Nxd2 Be6 32. Nf3 Rd8 33. g4 h5 34. Rd1 Rxd1+ 35. Bxd1 hxg4 36. Ne5 gxh3 37. Nxc6 g5 38. Be2 g4 39. Kh2 Bf2 40. Nd4 g3+ 0-1

[Event "Mecklenburg VP LL2 West 2122"]
[Site "Mecklenburg VP"]
[Date "2022.04.03"]
[Round "8.4"]
[White "Schreiber, Nico"]
[Black "Peter, Volkhard"]
[Result "1-0"]
[WhiteElo "1831"]
[BlackElo "1739"]
[PlyCount "97"]
[EventDate "2021.10.24"]
[EventType "team-tourn"]
[EventRounds "9"]
[EventCountry "GER"]
[SourceTitle "EXT 2024"]
[Source "ChessBase"]
[SourceDate "2023.10.10"]
[SourceVersion "1"]
[SourceVersionDate "2023.10.10"]
[SourceQuality "1"]
[WhiteTeam "Mecklenburger Springer SC"]
[BlackTeam "Schwerin SV Einheit"]
[WhiteTeamCountry "GER"]
[BlackTeamCountry "GER"]

1. d4 d5 2. Bf4 c5 3. c3 e6 4. Nd2 cxd4 5. cxd4 Nc6 6. Ngf3 Bd6 7. Bxd6 Qxd6 8. e3 Nge7 9. a3 0-0 10. Bd3 Ng6 11. 0-0 e5 12. Bxg6 fxg6 13. dxe5 Nxe5 14. Nxe5 Qxe5 15. Nf3 Qh5 16. Nd4 Bd7 17. Qxh5 gxh5 18. Rac1 Rac8 19. Rfd1 Rxc1 20. Rxc1 Rc8 21. Rxc8+ Bxc8 22. Nb5 Bd7 23. Nc3 Bc6 24. Kf1 Kf7 25. f3 Ke6 26. Ke2 g5 27. Kd3 a6 28. Kd4 b6 29. b4 Kd6 30. g3 b5 31. Nd1 Bd7 32. Nf2 h6 33. Nd3 Bf5 34. Nc5 Bc8 35. e4 dxe4 36. fxe4 Kc6 37. Ke5 a5 38. Kf6 axb4 39. axb4 h4 40. Kg6 h3 41. Kxh6 g4 42. Kg5 Kd6 43. Kf6 Kc6 44. Ke7 Kc7 45. Ne6+ Kc6 46. Nd4+ Kb6 47. Kd8 Bb7 48. e5 Bd5 49. Kd7 1-0

[Event "Mecklenburg VP Landesliga West 1920"]
[Site "Mecklenburg VP"]
[Date "2019.11.24"]
[Round "3.4"]
[White "Nour, Alaa"]
[Black "Schreiber, Nico"]
[Result "0-1"]
[WhiteElo "1774"]
[BlackElo "1826"]
[PlyCount "130"]
[EventDate "2019.09.29"]
[EventType "team-tourn"]
[EventRounds "9"]
[EventCountry "GER"]
[SourceTitle "EXT 2023"]
[Source "ChessBase"]
[SourceDate "2022.10.05"]
[SourceVersion "1"]
[SourceVersionDate "2022.10.05"]
[SourceQuality "1"]
[WhiteTeam "Rostock SSC 07 II"]
[BlackTeam "Mecklenburger Springer SC"]
[WhiteTeamCountry "GER"]
[BlackTeamCountry "GER"]

1. e4 d5 2. exd5 Qxd5 3. Nf3 c6 4. c4 Qa5 5. Nc3 Nf6 6. d4 Bg4 7. Qb3 Qb6 8. Ne5 Nbd7 9. Nxg4 Nxg4 10. h3 Ngf6 11. Be3 Qc7 12. d5 g6 13. g3 Bg7 14. Bg2 0-0 15. 0-0 Nh5 16. Ne2 Be5 17. g4 Ng7 18. Qb4 c5 19. Qd2 Nb6 20. Qc2 f5 21. f4 Bd6 22. g5 Rae8 23. Rae1 e5 24. fxe5 Bxe5 25. Nf4 Bd6 26. Qc1 Re7 27. b3 Rfe8 28. Nd3 Nd7 29. Bf2 Nh5 30. Re6 Ne5 31. Nxe5 Bxe5 32. Re1 Rxe6 33. dxe6 Nf4 34. Bd5 Nd3 35. Qe3 Nxe1 36. Qxe1 Kg7 37. Kg2 b6 38. Bg1 Qd6 39. Qh4 Rxe6 40. Qh6+ Kg8 41. Qh4 Kh8 42. Qe1 Re7 43. Qd1 Bg3 44. Qd3 Bf4 45. h4 Qe5 46. Bf3 h6 47. gxh6 Kh7 48. Qd8 Qf6 49. Bf2 Bc7 50. Qc8 Kxh6 51. Bd5 g5 52. Kh3 gxh4 53. Bf3 Bg3 54. Bg1 Qe6 55. Qh8+ Rh7 56. Qf8+ Kg5 57. Bd5 Qd7 58. Kg2 f4 59. Qg8+ Rg7 60. Qh8 Be1 61. Kf1 Bd2 62. Ke2 Bc3 63. Kd3 Qh3+ 64. Kc2 Bf6 65. Bf2 Qh2 0-1

[Event "Rostock SSC op 18th"]
[Site "Rostock"]
[Date "2019.08.11"]
[Round "7"]
[White "Loesche, Marian"]
[Black "Schreiber, Nico"]
[Result "1/2-1/2"]
[WhiteElo "1733"]
[BlackElo "1826"]
[PlyCount "41"]
[EventDate "2019.08.07"]
[EventType "swiss"]
[EventRounds "7"]
[EventCountry "GER"]
[SourceTitle "EXT 2020"]
[Source "ChessBase"]
[SourceDate "2019.10.17"]
[SourceVersion "1"]
[SourceVersionDate "2019.10.17"]
[SourceQuality "1"]

1. d4 d5 2. c4 c6 3. Nc3 Nf6 4. Nf3 e6 5. Bg5 Nbd7 6. e3 Qa5 7. Bxf6 Nxf6 8. a3 Ne4 9. Qc1 dxc4 10. Bxc4 Nxc3 11. bxc3 b5 12. Be2 Bd6 13. 0-0 Bd7 14. e4 h6 15. Nd2 Bf4 16. Qc2 Qc7 17. e5 Bxd2 18. Qxd2 0-0 19. f4 Rfd8 20. Bd3 c5 21. Rf3 1/2-1/2

[Event "Rostock SSC op 18th"]
[Site "Rostock"]
[Date "2019.08.10"]
[Round "6"]
[White "Schreiber, Nico"]
[Black "Khachatryan, Taron"]
[Result "0-1"]
[WhiteElo "1826"]
[BlackElo "1926"]
[PlyCount "104"]
[EventDate "2019.08.07"]
[EventType "swiss"]
[EventRounds "7"]
[EventCountry "GER"]
[SourceTitle "EXT 2020"]
[Source "ChessBase"]
[SourceDate "2019.10.17"]
[SourceVersion "1"]
[SourceVersionDate "2019.10.17"]
[SourceQuality "1"]

1. d4 Nf6 2. Bf4 d6 3. e3 Nbd7 4. Nd2 g6 5. h3 Bg7 6. c3 0-0 7. Ngf3 Re8 8. Bc4 Nf8 9. e4 h6 10. Qb3 e6 11. e5 N6h7 12. 0-0 d5 13. Bd3 c5 14. dxc5 Nd7 15. Bb5 Nxc5 16. Qb4 Nd7 17. c4 a6 18. Bxd7 Qxd7 19. Rfd1 Bf8 20. Qa5 Qd8 21. Qxd8 Rxd8 22. Ne4 Be7 23. cxd5 exd5 24. Nd6 Bxd6 25. exd6 g5 26. Bg3 Be6 27. Rac1 Nf6 28. Rc7 b5 29. Nd4 Ne8 30. Nxe6 fxe6 31. Re7 Nxd6 32. Rxe6 Nf7 33. f4 Re8 34. f5 Rxe6 35. fxe6 Nd8 36. e7 Nc6 37. Rxd5 Nxe7 38. Rd6 Nf5 39. Rd3 Nxg3 40. Rxg3 Rc8 41. Rc3 Rxc3 42. bxc3 Kf7 43. Kf2 Ke6 44. Ke2 Ke5 45. Ke3 h5 46. g3 Kd5 47. Kd3 a5 48. Kd2 Ke4 49. a3 Kf3 50. a4 bxa4 51. c4 Ke4 52. Kc3 a3 0-1

[Event "Rostock SSC op 18th"]
[Site "Rostock"]
[Date "2019.08.09"]
[Round "4"]
[White "Hammel, Ralf"]
[Black "Schreiber, Nico"]
[Result "1/2-1/2"]
[WhiteElo "2025"]
[BlackElo "1826"]
[PlyCount "30"]
[EventDate "2019.08.07"]
[EventType "swiss"]
[EventRounds "7"]
[EventCountry "GER"]
[SourceTitle "EXT 2020"]
[Source "ChessBase"]
[SourceDate "2019.10.17"]
[SourceVersion "1"]
[SourceVersionDate "2019.10.17"]
[SourceQuality "1"]

1. e4 d5 2. exd5 Qxd5 3. Nc3 Qd8 4. d4 c6 5. Nf3 Nf6 6. Bg5 Be6 7. Be2 g6 8. 0-0 Bg7 9. Qd2 0-0 10. Rfd1 Bd5 11. Bh6 Nbd7 12. Bxg7 Kxg7 13. Qf4 Bxf3 14. Bxf3 e6 15. Na4 Qb8 1/2-1/2

[Event "Rostock SSC op 17th"]
[Site "Rostock"]
[Date "2018.07.13"]
[Round "4.9"]
[White "Stutz, Reno"]
[Black "Schreiber, Nico"]
[Result "1-0"]
[WhiteElo "2024"]
[BlackElo "1811"]
[PlyCount "79"]
[EventDate "2018.07.11"]
[EventType "swiss"]
[EventRounds "7"]
[EventCountry "GER"]
[SourceTitle "EXT 2019"]
[Source "ChessBase"]
[SourceDate "2018.10.10"]
[SourceVersion "1"]
[SourceVersionDate "2018.10.10"]
[SourceQuality "1"]

1. d4 d5 2. Nf3 e6 3. e3 Nf6 4. Bd3 Be7 5. 0-0 0-0 6. Nbd2 b6 7. b3 Bb7 8. Bb2 Ne4 9. c4 Bb4 10. Rc1 Nd7 11. a3 Bd6 12. b4 Nxd2 13. Nxd2 dxc4 14. Nxc4 Qg5 15. e4 Bf4 16. Rc2 f5 17. f3 Rf6 18. Bc1 Bxc1 19. Qxc1 f4 20. Qe1 Rh6 21. e5 Nf8 22. Nd2 Qh5 23. h3 Rc8 24. Bc4 Qg5 25. Kh2 Rd8 26. Ne4 Bxe4 27. Qxe4 Qg3+ 28. Kh1 Rg6 29. d5 exd5 30. Bxd5+ Kh8 31. e6 Nxe6 32. Bxe6 Re8 33. Rd1 Qg5 34. Qf5 Qh4 35. Re2 Rf6 36. Qg4 Qh6 37. Bc4 Rff8 38. Rxe8 Rxe8 39. Qd7 Qh5 40. Bf7 1-0

[Event "Mecklenburg VP LL2 West 1718"]
[Site "Mecklenburg VP"]
[Date "2017.12.10"]
[Round "4.2"]
[White "Schreiber, Nico"]
[Black "Wagner, Bernd"]
[Result "1-0"]
[WhiteElo "1826"]
[BlackElo "2144"]
[PlyCount "91"]
[EventDate "2017.10.08"]
[EventType "team-tourn"]
[EventRounds "9"]
[EventCountry "GER"]
[SourceTitle "EXT 2022"]
[Source "ChessBase"]
[SourceDate "2021.10.06"]
[SourceVersion "1"]
[SourceVersionDate "2021.10.06"]
[SourceQuality "1"]
[WhiteTeam "Mecklenburger Springer SC"]
[BlackTeam "Wismar ASV Gruen-Weiss II"]
[WhiteTeamCountry "GER"]
[BlackTeamCountry "GER"]

1. d4 b6 2. c4 Bb7 3. Nc3 Nf6 4. Bf4 e6 5. a3 Be7 6. e3 d6 7. h3 Nbd7 8. Nf3 0-0 9. Be2 Re8 10. Bh2 Ne4 11. Nxe4 Bxe4 12. Bd3 Bb7 13. 0-0 c5 14. Re1 d5 15. Rc1 Bf6 16. cxd5 exd5 17. Bb5 Re6 18. Qa4 Nb8 19. dxc5 a6 20. Bf1 Bxb2 21. Rc2 b5 22. Qb3 Bf6 23. a4 d4 24. axb5 axb5 25. Bxb5 dxe3 26. fxe3 Be4 27. Rd2 Qa5 28. Red1 Nc6 29. Bc4 Re7 30. Bd6 Rd7 31. Bd5 Bxd5 32. Rxd5 Qa6 33. Rb1 h6 34. e4 Qe2 35. Qd3 Qa2 36. Kh2 Ra3 37. Qb5 Rda7 38. Rd2 Qe6 39. Qe2 Bc3 40. Rc2 Nb4 41. Rxc3 Rxc3 42. Rxb4 Ra2 43. Rb8+ Kh7 44. Rb2 Ra1 45. Rc2 Rb3 46. Nd4 1-0

[Event "Mecklenburg VP LL2 West 1718"]
[Site "Mecklenburg VP"]
[Date "2017.11.12"]
[Round "2.2"]
[White "Mueller, Axel"]
[Black "Schreiber, Nico"]
[Result "1-0"]
[WhiteElo "2037"]
[BlackElo "1826"]
[PlyCount "93"]
[EventDate "2017.10.08"]
[EventType "team-tourn"]
[EventRounds "9"]
[EventCountry "GER"]
[SourceTitle "EXT 2022"]
[Source "ChessBase"]
[SourceDate "2021.10.06"]
[SourceVersion "1"]
[SourceVersionDate "2021.10.06"]
[SourceQuality "1"]
[WhiteTeam "Putlitz Pritzwalk"]
[BlackTeam "Mecklenburger Springer SC"]
[WhiteTeamCountry "GER"]
[BlackTeamCountry "GER"]

1. e4 c5 2. Nc3 d6 3. f4 a6 4. a4 Nc6 5. Nf3 e5 6. d3 Bg4 7. Be2 Bxf3 8. Bxf3 Nf6 9. 0-0 Be7 10. Ne2 Nd4 11. Nxd4 cxd4 12. c3 dxc3 13. bxc3 Qc7 14. Qb3 Nd7 15. Rb1 Rb8 16. fxe5 Nxe5 17. Be2 0-0 18. d4 Nc6 19. Bd2 Bf6 20. Qa2 Qd7 21. Bc4 Rfe8 22. Bd5 Rf8 23. Rxf6 gxf6 24. Bh6 Ne7 25. Qf2 Qg4 26. Bxf8 Nxd5 27. exd5 Kxf8 28. Qxf6 Qg6 29. Qxg6 hxg6 30. Kf2 Ke7 31. Ke3 f6 32. a5 Kd7 33. Kd3 Kc7 34. Re1 Kd7 35. Re6 Rf8 36. c4 Rf7 37. c5 dxc5 38. dxc5 Rf8 39. Ke4 Rf7 40. Kf4 Rf8 41. h4 Rc8 42. Rxf6 Rxc5 43. Ke5 Rxa5 44. Rxg6 b5 45. Rg7+ Kd8 46. h5 Ra1 47. h6 1-0

[Event "Mecklenburg VP LL2 West 1617"]
[Site "Mecklenburg VP"]
[Date "2016.10.16"]
[Round "1.3"]
[White "Schreiber, Nico"]
[Black "Freitag, Werner"]
[Result "1-0"]
[WhiteElo "1750"]
[BlackElo "1685"]
[PlyCount "91"]
[EventDate "2016.10.16"]
[EventType "team-tourn"]
[EventRounds "9"]
[EventCountry "GER"]
[SourceTitle "EXT 2022"]
[Source "ChessBase"]
[SourceDate "2021.10.06"]
[SourceVersion "1"]
[SourceVersionDate "2021.10.06"]
[SourceQuality "1"]
[WhiteTeam "Mecklenburger Springer SC"]
[BlackTeam "Neukloster VfL Blau Weiss"]
[WhiteTeamCountry "GER"]
[BlackTeamCountry "GER"]

1. d4 d5 2. Bf4 e6 3. Nf3 Nf6 4. Nbd2 c5 5. c3 Nc6 6. e3 cxd4 7. exd4 Bd6 8. Bg5 Be7 9. Bd3 h6 10. Bh4 Qc7 11. Qe2 Nh5 12. Bxe7 Nf4 13. Qf1 Nxd3+ 14. Qxd3 Qxe7 15. 0-0 0-0 16. Rfe1 Bd7 17. Nf1 Rac8 18. Ne3 Qd6 19. Ng4 a6 20. Qe3 Kh7 21. Qd3+ Kh8 22. Nfe5 Nxe5 23. Nxe5 Qe7 24. Re3 Bb5 25. Qc2 Rg8 26. Rf3 Rcf8 27. Rxf7 Qxf7 28. Nxf7+ Rxf7 29. Re1 Rf6 30. Qd2 Rgf8 31. f3 Bd7 32. Qe3 Rf5 33. Qf2 g5 34. Qg3 Rf4 35. h3 R8f6 36. Re3 Kg7 37. Qe1 h5 38. Re5 Kh6 39. Qg3 R4f5 40. Rxf5 exf5 41. Qe5 Kg6 42. Qxd5 Bc6 43. Qg8+ Kh6 44. d5 Bb5 45. Qc8 Rf7 46. c4 1-0

[Event "Rostock SSC 07 op 15th"]
[Site "Rostock"]
[Date "2016.07.31"]
[Round "7"]
[White "Schreiber, Nico"]
[Black "Langer, Robert"]
[Result "1-0"]
[WhiteElo "1818"]
[BlackElo "1641"]
[PlyCount "63"]
[EventDate "2016.07.27"]
[EventType "swiss"]
[EventRounds "7"]
[EventCountry "GER"]
[SourceTitle "EXT 2017"]
[Source "ChessBase"]
[SourceDate "2016.10.25"]
[SourceVersion "1"]
[SourceVersionDate "2016.10.25"]
[SourceQuality "1"]

1. d4 Nf6 2. Nf3 g6 3. Bf4 Bg7 4. Nc3 d6 5. Qd2 0-0 6. Bh6 Nbd7 7. Bxg7 Kxg7 8. e4 e5 9. Be2 a6 10. 0-0-0 b5 11. dxe5 dxe5 12. Nxe5 Qe8 13. Nxd7 Bxd7 14. Qd4 Be6 15. e5 Nd7 16. Bf3 c5 17. Qd6 Ra7 18. Bc6 Qc8 19. Bd5 Re8 20. f4 c4 21. Ne4 Rc7 22. Qb4 Qb8 23. Nd6 Rf8 24. Ne4 Nb6 25. Bxe6 fxe6 26. Qd6 Rxf4 27. Ng5 Kh8 28. Nxe6 Qg8 29. Nxf4 Rf7 30. e6 Rb7 31. Qe5+ Qg7 32. Rd8# 1-0

[Event "Rostock SSC 07 op 15th"]
[Site "Rostock"]
[Date "2016.07.30"]
[Round "6"]
[White "Spicks, Norbert"]
[Black "Schreiber, Nico"]
[Result "0-1"]
[WhiteElo "1700"]
[BlackElo "1818"]
[PlyCount "76"]
[EventDate "2016.07.27"]
[EventType "swiss"]
[EventRounds "7"]
[EventCountry "GER"]
[SourceTitle "EXT 2017"]
[Source "ChessBase"]
[SourceDate "2016.10.25"]
[SourceVersion "1"]
[SourceVersionDate "2016.10.25"]
[SourceQuality "1"]

1. e4 d5 2. exd5 Qxd5 3. Nc3 Qa5 4. Nf3 c6 5. d4 Bg4 6. h3 Bxf3 7. Qxf3 e6 8. Bd2 Qb6 9. 0-0-0 Nf6 10. Be3 Nd5 11. Nxd5 cxd5 12. Bf4 Nc6 13. Qb3 Qxb3 14. axb3 Rc8 15. c3 a6 16. b4 Nxb4 17. Kb1 Nc6 18. Bd3 Be7 19. Rhe1 0-0 20. Re2 Rfd8 21. Rde1 Bf6 22. g4 g5 23. Bg3 h6 24. f4 gxf4 25. Bxf4 Kg7 26. Rg1 Bg5 27. Bg3 Be7 28. h4 Bd6 29. g5 Bxg3 30. gxh6+ Kxh6 31. Rxg3 Rg8 32. Reg2 Rxg3 33. Rxg3 Ne7 34. Kc2 Rg8 35. Rxg8 Nxg8 36. Be2 Ne7 37. b3 Nf5 38. c4 Nxd4+ 0-1

[Event "Rostock SSC 07 op 15th"]
[Site "Rostock"]
[Date "2016.07.27"]
[Round "1"]
[White "Schreiber, Nico"]
[Black "Schuett, Matthias"]
[Result "1-0"]
[WhiteElo "1818"]
[BlackElo "1398"]
[PlyCount "49"]
[EventDate "2016.07.27"]
[EventType "swiss"]
[EventRounds "7"]
[EventCountry "GER"]
[SourceTitle "EXT 2017"]
[Source "ChessBase"]
[SourceDate "2016.10.25"]
[SourceVersion "1"]
[SourceVersionDate "2016.10.25"]
[SourceQuality "1"]

1. d4 a6 2. c4 b5 3. e4 Bb7 4. cxb5 Bxe4 5. Nc3 Bb7 6. Nf3 e6 7. Be2 c5 8. 0-0 d5 9. b3 Bd6 10. Be3 Nd7 11. dxc5 Nxc5 12. Bxc5 Bxc5 13. Na4 Bd6 14. bxa6 Bxa6 15. Bxa6 Rxa6 16. Qd3 Rc6 17. Qb5 Qc7 18. Nd4 Bxh2+ 19. Kh1 Be5 20. Rac1 Bxd4 21. Rxc6 Qd7 22. Qb8+ Ke7 23. Rc7 Qxc7 24. Qxc7+ Kf6 25. Qf4+ 1-0

[Event "Mecklenburg VP-ch op"]
[Site "Greifswald"]
[Date "2015.05.03"]
[Round "7.7"]
[White "Schreiber, Nico"]
[Black "Moeller, Peter1"]
[Result "1-0"]
[WhiteElo "1820"]
[BlackElo "1735"]
[PlyCount "51"]
[EventDate "2015.04.30"]
[EventType "swiss"]
[EventRounds "7"]
[EventCountry "GER"]
[SourceTitle "EXT 2023"]
[Source "ChessBase"]
[SourceDate "2022.10.05"]
[SourceVersion "1"]
[SourceVersionDate "2022.10.05"]
[SourceQuality "1"]

1. d4 Nf6 2. Nf3 d5 3. Bf4 c6 4. Nbd2 Bf5 5. e3 e6 6. c4 Bb4 7. a3 Bxd2+ 8. Qxd2 Ne4 9. Qb4 Qe7 10. c5 b6 11. cxb6 Qxb4+ 12. axb4 a6 13. b7 Ra7 14. Bxb8 Rxb7 15. Bf4 Rxb4 16. Ra2 0-0 17. Be2 Rc8 18. 0-0 c5 19. dxc5 Rxc5 20. Rxa6 h6 21. Be5 Rc8 22. Bd4 Rb7 23. h3 Ng5 24. Nxg5 hxg5 25. Bc3 f6 26. g4 1-0